Sports Quiz

Random Sports or Celebrity Quiz
Score 0/61 Timer 10:00
5 Plays Today
Year Name % Correct
1974George Foreman
89.5%
1975Joe Frazier
88.9%
1974Joe Frazier
88.9%
1971Joe Frazier
88.9%
1965Sonny Liston
69.7%
1964Sonny Liston
69.7%
1978Leon Spinks
54.9%
1978Leon Spinks
54.9%
1980Larry Holmes
53.7%
1976Ken Norton
46.6%
1973Ken Norton
46.6%
1973Ken Norton
46.6%
1972Floyd Patterson
36.5%
1965Floyd Patterson
36.5%
1963Doug Jones
34.9%
1961Alonzo Johnson
32.4%
1966Henry Cooper
30.2%
1963Henry Cooper
30.2%
1966Cleveland Williams
29.4%
1981Trevor Berbick
27.5%
1972Jerry Quarry
24.9%
1970Jerry Quarry
24.9%
1975Chuck Wepner
23.9%
1972Alvin Lewis
22%
1977Earnie Shavers
21.2%
1975Joe Bugner
20.2%
1973Joe Bugner
20.2%
1962Archie Moore
19.1%
1961Jimmy Robinson
18.4%
1972George Chuvalo
17.7%
1966George Chuvalo
17.7%
Year Name % Correct
1976Jimmy Young
17.4%
1971Jimmy Ellis
16.7%
1967Ernie Terrell
15.8%
1975Ron Lyle
14.4%
1970Oscar Bonavena
13.3%
1966Brian London
13.2%
1972Bob Foster
11.9%
1972Mac Foster
11.6%
1967Zora Folley
11.1%
1976Richard Dunn
11%
1966Karl Mildenberger
9.2%
1977Alfredo Evangelista
8.8%
1971Buster Mathis
8.8%
1976Jean-Pierre Coopman
8.7%
1960Tunney Hunsaker
8.7%
1962Sonny Banks
8.3%
1961LaMar Clark
7.1%
1971Juergen Blin
7%
1973Rudi Lubbers
6.2%
1962Billy Daniels
5.8%
1963Charlie Powell
5.2%
1962George Logan
5%
1960Herb Siler
4.7%
1962Don Warner
4.5%
1961Donnie Fleeman
4.4%
1961Alex Miteff
4.4%
1961Tony Esperti
4.3%
1962Alejandro Lavorante
4.2%
1961Duke Sabedong
4.2%
1961Willi Besmanoff
4%

You're not logged in!

Compare scores with friends on all Sporcle quizzes.
OR
Log In

Sporcle TV

Today on Sporcle TV


Watch our educational content, quiz creation guides, and fun videos on Sporcle TV.

Show Comments

Extras

Top Quizzes Today


Score Distribution

Your Account Isn't Verified!

In order to create a playlist on Sporcle, you need to verify the email address you used during registration. Go to your Sporcle Settings to finish the process.

Report this User

Report this user for behavior that violates our Community Guidelines.

Details: